Detalles MARC
| 000 -LEADER |
| fixed length control field |
03209nam a2200481Ii 4500 |
| 001 - CONTROL NUMBER |
| control field |
DIGRBN0128 |
| 003 - CONTROL NUMBER IDENTIFIER |
| control field |
NyNyDIG |
| 006 - FIXED-LENGTH DATA ELEMENTS--ADDITIONAL MATERIAL CHARACTERISTICS |
| fixed length control field |
m o d |
| 007 - PHYSICAL DESCRIPTION FIXED FIELD--GENERAL INFORMATION |
| fixed length control field |
cr ||||||||||| |
| 008 - FIXED-LENGTH DATA ELEMENTS--GENERAL INFORMATION |
| fixed length control field |
170215s2015 sp ob 000 0 spa d |
| 020 ## - INTERNATIONAL STANDARD BOOK NUMBER |
| International Standard Book Number |
8416345732 |
| Qualifying information |
(eBook) |
| 020 ## - INTERNATIONAL STANDARD BOOK NUMBER |
| International Standard Book Number |
9788416345731 |
| Qualifying information |
(eBook) |
| 020 ## - INTERNATIONAL STANDARD BOOK NUMBER |
| Canceled/invalid ISBN |
8416345724 |
| 020 ## - INTERNATIONAL STANDARD BOOK NUMBER |
| Canceled/invalid ISBN |
9788416345724 |
| 035 ## - SYSTEM CONTROL NUMBER |
| System control number |
(OCoLC)972725651 |
| 040 ## - CATALOGING SOURCE |
| Original cataloging agency |
DGITA |
| Language of cataloging |
eng |
| Description conventions |
rda |
| -- |
pn |
| Transcribing agency |
DGITA |
| 050 14 - LIBRARY OF CONGRESS CALL NUMBER |
| Classification number |
B67 ebook |
| 082 14 - DEWEY DECIMAL CLASSIFICATION NUMBER |
| Classification number |
501 |
| 245 00 - TITLE STATEMENT |
| Title |
Fronteras del determinismo científico : |
| Remainder of title |
filosofía y ciencias en diálogo / |
| Statement of responsibility, etc. |
Claudia E. Vanney y Olimpia Lombardi (Eds.). |
| 250 ## - EDITION STATEMENT |
| Edition statement |
Edición digital. |
| 264 #1 - PRODUCTION, PUBLICATION, DISTRIBUTION, MANUFACTURE, AND COPYRIGHT NOTICE |
| Place of production, publication, distribution, manufacture |
Madrid : |
| Name of producer, publisher, distributor, manufacturer |
Biblioteca Nueva, |
| Date of production, publication, distribution, manufacture, or copyright notice |
[2015] |
| 300 ## - PHYSICAL DESCRIPTION |
| Extent |
1 online resource. |
| 336 ## - CONTENT TYPE |
| Content type term |
text |
| Content type code |
txt |
| Source |
rdacontent |
| 337 ## - MEDIA TYPE |
| Media type term |
computer |
| Media type code |
c |
| Source |
rdamedia |
| 338 ## - CARRIER TYPE |
| Carrier type term |
online resource |
| Carrier type code |
cr |
| Source |
rdacarrier |
| 490 1# - SERIES STATEMENT |
| Series statement |
Colección Fronteras |
| 504 ## - BIBLIOGRAPHY, ETC. NOTE |
| Bibliography, etc. note |
Includes bibliographical references. |
| 505 0# - FORMATTED CONTENTS NOTE |
| Formatted contents note |
Los múltiples rostros del determinismo / Juan Arana -- -Ergodicidad y determinismo / Olimpia Lombardi y Cristian López -- ¿Qué nos dicen los modelos científicos? / Hernán Accorinti -- Determinismo e indeterminismo en mecánica cuántica / Sebastian Fortin -- Historias en mecánica cuántica / Leonardo Vanni -- Indeterminismo cuántico y pluralismo cognoscitivo / Claudia E. Vanney -- Relaciones entre química y física : ¿determinación sincrónica? / Martín Labarca y Camilo Martínez González -- Apuntes sobre genética y comportamiento humano : nuevos (y no tan nuevos) embates al centrismo del gen y los enfoques deterministas / Nahuel Pallitto, Christian Francese y Guillermo Folguera -- Complejidad y determinismo en la biología evolutiva del desarrollo (evo-devo) / Constanza Rendón, María José Ferreira Ruiz y Nicolás José Lavagnino -- El indeterminismo del gen : patentes de ADN y la ausencia de un sustento teórico / Agustín Martínez, Manuel Sánchez, Christian Francese y Erick Rubio -- La complejidad y la biología de la conservación / Gabriela Klier, Federico di Pasquo y Tomás Busan -- El determinismo neural y la conciencia a partir de los experimentos de Libet sobre el libre albedrío / Juan F. Franck y Agustina Lombardi -- Cómo no perder el control en un mundo determinista / Carolina Sartorio -- Entre la esencia y la ausencia de la identidad personal : la obsesión por las determinaciones únicas / Mariana Córdoba. |
| 588 0# - SOURCE OF DESCRIPTION NOTE |
| Source of description note |
Online resource; title from PDF title page (Digitalia, viewed February 15, 2017) |
| 650 #0 - SUBJECT ADDED ENTRY--TOPICAL TERM |
| Topical term or geographic name entry element |
Determinism (Philosophy) |
| 650 #0 - SUBJECT ADDED ENTRY--TOPICAL TERM |
| Topical term or geographic name entry element |
Free will and determinism. |
| 650 #0 - SUBJECT ADDED ENTRY--TOPICAL TERM |
| Topical term or geographic name entry element |
Philosophy and science. |
| 655 #0 - INDEX TERM--GENRE/FORM |
| Genre/form data or focus term |
Electronic books. |
| 700 1# - ADDED ENTRY--PERSONAL NAME |
| Personal name |
Lombardi, Olimpia, |
| Relator term |
editor. |
| 700 1# - ADDED ENTRY--PERSONAL NAME |
| Personal name |
Vanney, Claudia E., |
| Relator term |
editor. |
| 776 08 - ADDITIONAL PHYSICAL FORM ENTRY |
| Relationship information |
Print version: |
| Title |
Fronteras del determinismo científico. |
| Place, publisher, and date of publication |
Madrid : Biblioteca Nueva, 2015 |
| International Standard Book Number |
9788416345724 |
| Record control number |
(OCoLC)918821832 |
| 791 2# - |
| -- |
Digitalia (Firm), |
| -- |
distributor. |
| 793 0# - |
| -- |
Digitalia eBook Collection: |
| -- |
Biblioteca Nueva |
| 830 #0 - SERIES ADDED ENTRY--UNIFORM TITLE |
| Uniform title |
Colección Fronteras (Madrid, Spain) |
| 856 40 - ELECTRONIC LOCATION AND ACCESS |
| Materials specified |
Digitalia Hispánica |
| Uniform Resource Identifier |
<a href="https://www.digitaliapublishing.com/a/38122/">https://www.digitaliapublishing.com/a/38122/</a> |
| 910 ## - USER-OPTION DATA (OCLC) |
| User-option data |
Premium Collection: 2017 |
| 942 ## - ADDED ENTRY ELEMENTS (KOHA) |
| Koha item type |
Recurso Electrónico |